|
|
|
|
| LEADER |
00000nam a2200000 a 4500 |
| 001 |
vtls011703549 |
| 003 |
SK-MaSNL |
| 005 |
20260301141028.0 |
| 008 |
200104s1940 xxk 000 0 ger |
| 020 |
|
|
|q (brožované)
|
| 035 |
|
|
|a urn:nbn:sk:snk-am00cxj7
|
| 035 |
|
|
|a urn:nbn:sk:snk-am3hej9
|
| 035 |
|
|
|a 2879223C-107E-4F1F-8675-2D055E8A0849
|
| 040 |
|
|
|a SNK
|b slo
|c SNK
|e AACR2
|
| 041 |
0 |
|
|a ger
|
| 044 |
|
|
|a xxk
|c GB
|a gw
|c DE
|a fr
|c FR
|
| 072 |
|
7 |
|a 322
|x Politika a náboženstvo. Vzťahy medzi cirkvou a štátom
|2 konspekt
|
| 080 |
|
|
|a 322
|2 2011
|
| 080 |
|
|
|a (048.8)
|2 2011
|
| 245 |
0 |
0 |
|a Politik und Religion
|
| 260 |
|
|
|a London
|a Berlin
|a Paris
|b Europa-Verlag
|c 1940
|
| 300 |
|
|
|a 12 s.
|c 15 cm
|
| 490 |
1 |
|
|a Informations-Schriften
|v number 15
|
| 650 |
0 |
7 |
|a Religion and politics
|2 SNKPHeng
|9 316706
|
| 650 |
0 |
7 |
|a náboženstvo a politika
|2 SNKPH
|9 3954
|
| 655 |
|
7 |
|a monografie
|2 SNKPH
|9 70139
|
| 655 |
|
7 |
|a Monographs
|2 SNKPHeng
|9 120675
|
| 830 |
|
0 |
|a Informations-Schriften
|9 494505
|
| 958 |
|
|
|a NT
|
| 958 |
|
|
|a SP
|
| 958 |
|
|
|a DE
|
| 958 |
|
|
|a FR
|
| 958 |
|
|
|a GB
|
| 958 |
|
|
|a ONDV
|
| 999 |
|
|
|c 765779
|d 767709
|
| 952 |
|
|
|a SNK
|b SNK
|y PREZ
|7 0
|p 17A0732153
|o snkSE 643/6
|i snk989/40
|0 0
|1 0
|4 0
|d 2017-07-20
|f 1
|l 0
|r 2026-02-24 00:18:30
|w 2026-02-24
|